Death of a Dutchman /

Saved in:
Bibliographic Details
Main Author: Nabb, Magdalen, 1947-
Format: Book
Language:English
Published: [London] : Fontana, 1983, c1982.
LEADER 00921cam a2200253 a 4500
001 c000269925
003 CARM
005 20070830120259.0
008 831022r19831982enk 000 1 eng d
015 |a b8335706 
019 1 |a 3151306  |5 LACONCORD2021 
020 |a 0006167756 (pbk) :  |c £1.50 
035 |a (OCoLC)16604419  |5 LACONCORD2021 
040 |a BNB  |b eng  |c BNB 
082 0 4 |a 823/.914  |2 19 
100 1 |a Nabb, Magdalen,  |d 1947- 
245 1 0 |a Death of a Dutchman /  |c Magdalen Nabb. 
260 |a [London] :  |b Fontana,  |c 1983, c1982. 
300 |a 216 p. ;  |c 18 cm. 
500 |a Fiction in English,. 1945- - Texts (BNB/PRECIS) 
500 |a Originally published: London : Collins, 1982. 
852 8 |b CARM  |h A1:AM18A0  |i A04769  |p 0390238  |f BK 
999 f f |i 18e10b18-5fbd-5c05-8097-0c8202846ce6  |s 5b332fbb-a2cc-5205-8398-4cbfea66678c 
952 f f |p Can circulate  |a CAVAL  |b CAVAL  |c CAVAL  |d CARM 1 Store  |e A04769  |f A1:AM18A0  |h Other scheme  |i book  |m 0390238